[Event "Bogota El Tablazo op-B"]
[Site "Bogota"]
[Date "2022.06.26"]
[Round "4.8"]
[White "Sepulveda Tuberquia, Ferney"]
[Black "Martinez Baquero, Gabriel Santiago"]
[Result "1-0"]
[WhiteElo "1963"]
[BlackElo "1699"]
[PlyCount "47"]
[EventDate "2022.06.24"]
[EventType "swiss"]
[EventRounds "7"]
[EventCountry "COL"]
[SourceTitle "EXT 2024"]
[Source "ChessBase"]
[SourceDate "2023.10.10"]
[SourceVersion "1"]
[SourceVersionDate "2023.10.10"]
[SourceQuality "1"]

1. c4 e5 2. g3 Nf6 3. Bg2 Bc5 4. d3 c6 5. Nf3 d6 6. Nc3 Bd7 7. 0-0 Na6 8. a3 Nc7 9. b4 Bb6 10. Na4 Ne6 11. Nxb6 axb6 12. Bb2 Qc7 13. Rc1 c5 14. b5 0-0 15. e3 Rfe8 16. Qc2 Nf8 17. Qc3 Ng6 18. Qb3 Qc8 19. Ng5 h6 20. Ne4 Nxe4 21. Bxe4 Bf5 22. Bh1 Bh3 23. Rfe1 Nh4 24. Qd1 1-0

[Event "COL-ch sf"]
[Site "Medellin"]
[Date "2014.??.??"]
[Round "8"]
[White "Gonzalez, Andres Felipe"]
[Black "Sepulveda Tuberquia, Ferney"]
[Result "0-1"]
[WhiteElo "2015"]
[BlackElo "1656"]
[PlyCount "90"]
[EventDate "2014.04.15"]
[EventType "swiss"]
[EventRounds "11"]
[EventCountry "COL"]
[SourceTitle "CBM 160 Extra"]
[Source "ChessBase"]
[SourceDate "2014.07.01"]
[SourceVersion "1"]
[SourceVersionDate "2014.07.01"]
[SourceQuality "1"]

1. e4 c5 2. Nf3 d6 3. d4 cxd4 4. Qxd4 a6 5. c4 Nc6 6. Qd2 g6 7. Nc3 Bg7 8. b3 Nf6 9. Bb2 0-0 10. Be2 Be6 11. 0-0 h6 12. Rfd1 Qa5 13. Nd5 Qxd2 14. Nxd2 Nd7 15. Bxg7 Kxg7 16. Nf3 Rac8 17. Bf1 Nc5 18. Re1 Nd7 19. h3 Rfe8 20. Rad1 g5 21. Nd4 Nxd4 22. Rxd4 Ne5 23. f4 gxf4 24. Nxf4 Rg8 25. Kf2 Kh7 26. Nd5 Bxd5 27. exd5 Rg5 28. Bd3+ Kh8 29. Re3 Rcg8 30. g3 Rc8 31. Rf4 f6 32. h4 Rg7 33. h5 Rg5 34. Bg6 Rc7 35. Kg2 Nxg6 36. hxg6 Kg7 37. Rfe4 Re5 38. Rxe5 fxe5 39. Kf3 b5 40. Rc3 Kxg6 41. Ke4 Kg5 42. a4 bxa4 43. bxa4 Kg4 44. Rc1 h5 45. Rc3 Rc5 0-1

[Event "COL-ch sf"]
[Site "Medellin"]
[Date "2014.??.??"]
[Round "7"]
[White "Lora, Joel Fernando"]
[Black "Sepulveda Tuberquia, Ferney"]
[Result "1-0"]
[WhiteElo "2135"]
[BlackElo "1656"]
[PlyCount "33"]
[EventDate "2014.04.15"]
[EventType "swiss"]
[EventRounds "11"]
[EventCountry "COL"]
[SourceTitle "CBM 160 Extra"]
[Source "ChessBase"]
[SourceDate "2014.07.01"]
[SourceVersion "1"]
[SourceVersionDate "2014.07.01"]
[SourceQuality "1"]

1. d4 Nf6 2. Bg5 Ne4 3. Bf4 c5 4. d5 d6 5. f3 Qa5+ 6. c3 Nf6 7. e4 b5 8. Nd2 Nbd7 9. a4 bxa4 10. Nc4 Qc7 11. Qxa4 Nh5 12. Be3 e5 13. Bd3 Be7 14. Ne2 0-0 15. g4 Bh4+ 16. Kd2 Nhf6 17. Qc6 1-0

[Event "COL-ch sf"]
[Site "Medellin"]
[Date "2014.??.??"]
[Round "9"]
[White "Sepulveda Tuberquia, Ferney"]
[Black "Medina Merino, Hernan"]
[Result "0-1"]
[WhiteElo "1656"]
[BlackElo "2103"]
[PlyCount "58"]
[EventDate "2014.04.15"]
[EventType "swiss"]
[EventRounds "11"]
[EventCountry "COL"]
[SourceTitle "CBM 160 Extra"]
[Source "ChessBase"]
[SourceDate "2014.07.01"]
[SourceVersion "1"]
[SourceVersionDate "2014.07.01"]
[SourceQuality "1"]

1. d4 Nf6 2. Nf3 e6 3. c4 Bb4+ 4. Bd2 Be7 5. g3 b6 6. Bg2 Bb7 7. 0-0 0-0 8. Bc3 Ne4 9. Qc2 d5 10. Nbd2 c5 11. Nxe4 dxe4 12. Ne5 cxd4 13. Bxe4 Bxe4 14. Qxe4 dxc3 15. Qxa8 Qc7 16. Qe4 cxb2 17. Rab1 f5 18. Qd4 Bf6 19. f4 Nc6 20. Qd7 Qxd7 21. Nxd7 Bd4+ 22. Kg2 Rd8 23. Ne5 Nxe5 24. fxe5 Bxe5 25. e4 fxe4 26. Rbd1 Rxd1 27. Rxd1 Bd4 28. Rf1 Be3 29. Rb1 Bc1 0-1

[Event "East Region-ch U16"]
[Site "Medellin"]
[Date "2012.04.07"]
[Round "4.5"]
[White "Llano Buritica, Eduardo Alejandro"]
[Black "Sepulveda Tuberquia, Ferney"]
[Result "0-1"]
[WhiteElo "1571"]
[BlackElo "1639"]
[PlyCount "68"]
[EventDate "2012.04.05"]
[EventType "swiss"]
[EventRounds "6"]
[EventCountry "COL"]
[SourceTitle "EXT 2024"]
[Source "ChessBase"]
[SourceDate "2023.10.10"]
[SourceVersion "1"]
[SourceVersionDate "2023.10.10"]
[SourceQuality "1"]

1. e4 d6 2. d4 Nf6 3. Nc3 g6 4. f3 Bg7 5. Bc4 Nbd7 6. Be3 c5 7. Nge2 a6 8. a3 b5 9. Ba2 0-0 10. dxc5 dxc5 11. Qd2 Qc7 12. 0-0-0 b4 13. axb4 cxb4 14. Nd5 Nxd5 15. Bxd5 Qa5 16. Kb1 Rb8 17. Ba7 Rb5 18. Bc6 Bxb2 19. Kxb2 Qa3+ 20. Kb1 b3 21. c3 Ne5 22. Bxb5 axb5 23. Qb2 Qxa7 24. Nd4 Ba6 25. f4 Nc4 26. Qxb3 Ra8 27. Nc6 Qb7 28. Nb4 Qxe4+ 29. Nd3 Qxg2 30. Qa2 Qxa2+ 31. Kxa2 Bb7+ 32. Kb3 Bxh1 33. Rxh1 Rd8 34. Nc5 Rd2 0-1

[Event "Medellin Cuartas Memorial B"]
[Site "Medellin"]
[Date "2011.08.05"]
[Round "3.18"]
[White "Sepulveda Tuberquia, Ferney"]
[Black "Cortez Avendano, Giovanny"]
[Result "1-0"]
[WhiteElo "1666"]
[BlackElo "1600"]
[PlyCount "77"]
[EventDate "2011.08.03"]
[EventType "swiss"]
[EventRounds "8"]
[EventCountry "COL"]
[SourceTitle "EXT 2024"]
[Source "ChessBase"]
[SourceDate "2023.10.10"]
[SourceVersion "1"]
[SourceVersionDate "2023.10.10"]
[SourceQuality "1"]

1. e4 c5 2. Nf3 Nc6 3. d4 cxd4 4. Nxd4 Nf6 5. Nc3 e5 6. Ndb5 d6 7. Bg5 a6 8. Na3 b5 9. Nd5 Be7 10. Bxf6 Bxf6 11. c3 0-0 12. Nc2 Bg5 13. h4 Bf4 14. Qf3 f5 15. Nxf4 exf4 16. 0-0-0 Ne5 17. Qxf4 fxe4 18. Qxe4 Be6 19. f4 Bf5 20. Qd5+ Kh8 21. fxe5 Bxc2 22. Kxc2 Rf2+ 23. Rd2 Qf8 24. exd6 Rd8 25. Rxf2 Qxf2+ 26. Qd2 Qf6 27. Bd3 Qxd6 28. Rd1 Qe6 29. Qg5 Rf8 30. Kb1 b4 31. Bf5 Qe2 32. Qd2 Qe5 33. Bc2 Qh5 34. Qd8 Qf7 35. h5 bxc3 36. Qd3 Qxh5 37. g4 Qh2 38. Qf5 Qb8 39. Qxh7# 1-0

[Event "Medellin Amateur op"]
[Site "Medellin"]
[Date "2011.04.23"]
[Round "6.18"]
[White "Morales, Helio Fabio"]
[Black "Sepulveda Tuberquia, Ferney"]
[Result "0-1"]
[WhiteElo "1637"]
[BlackElo "1610"]
[PlyCount "76"]
[EventDate "2011.04.20"]
[EventType "swiss"]
[EventRounds "9"]
[EventCountry "COL"]
[SourceTitle "EXT 2024"]
[Source "ChessBase"]
[SourceDate "2023.10.10"]
[SourceVersion "1"]
[SourceVersionDate "2023.10.10"]
[SourceQuality "1"]

1. d4 Nf6 2. c4 g6 3. Nc3 Bg7 4. e4 d6 5. Nf3 0-0 6. Be2 e5 7. 0-0 Nc6 8. d5 Ne7 9. Ne1 Ne8 10. Nd3 f5 11. f3 f4 12. b4 g5 13. c5 Ng6 14. Bd2 h5 15. b5 Nf6 16. a4 g4 17. a5 Nh4 18. Be1 gxf3 19. Bxh4 fxe2 20. Qxe2 Qe8 21. h3 Qg6 22. Kh1 Bh6 23. b6 Rf7 24. c6 bxc6 25. dxc6 axb6 26. axb6 Rxa1 27. Rxa1 cxb6 28. Ra8 Rf8 29. Bxf6 Qxf6 30. Nd5 Qh4 31. Nxb6 f3 32. Qa2+ Kh8 33. Rxc8 Rxc8 34. Nxc8 Qxe4 35. Nxe5 Qe1+ 36. Kh2 Bf4+ 37. g3 Qxg3+ 38. Kh1 Qe1# 0-1

[Event "Medellin Amateur op"]
[Site "Medellin"]
[Date "2011.04.23"]
[Round "7.12"]
[White "Sepulveda Tuberquia, Ferney"]
[Black "Builes Palacio, Santiago"]
[Result "0-1"]
[WhiteElo "1610"]
[BlackElo "1710"]
[PlyCount "70"]
[EventDate "2011.04.20"]
[EventType "swiss"]
[EventRounds "9"]
[EventCountry "COL"]
[SourceTitle "EXT 2024"]
[Source "ChessBase"]
[SourceDate "2023.10.10"]
[SourceVersion "1"]
[SourceVersionDate "2023.10.10"]
[SourceQuality "1"]

1. e4 e6 2. d4 d5 3. exd5 exd5 4. c4 Nf6 5. Nc3 Be7 6. Nf3 0-0 7. Be2 Nbd7 8. 0-0 dxc4 9. Bxc4 Nb6 10. Bd3 Bg4 11. Be3 Nfd5 12. h3 Bh5 13. Ne4 f5 14. Nc5 Nxe3 15. fxe3 Bxc5 16. dxc5 Nd7 17. Qc2 Bxf3 18. gxf3 Nxc5 19. Bc4+ Kh8 20. Kh2 Rf6 21. Rg1 Qe7 22. Rae1 Qd6+ 23. Rg3 Re8 24. Rd1 Qe5 25. f4 Qe7 26. Bd3 Rd8 27. Qe2 Rfd6 28. Bc2 Rxd1 29. Bxd1 Ne4 30. Rg2 Rd2 31. Qf3 Qb4 32. Rxd2 Qxd2+ 33. Qe2 g6 34. Kg2 Kg7 35. Qxd2 Nxd2 0-1

[Event "Medellin Amateur op"]
[Site "Medellin"]
[Date "2011.04.22"]
[Round "5.24"]
[White "Sepulveda Tuberquia, Ferney"]
[Black "Zuniga, Eddy Andres"]
[Result "1-0"]
[WhiteElo "1610"]
[BlackElo "1760"]
[PlyCount "37"]
[EventDate "2011.04.20"]
[EventType "swiss"]
[EventRounds "9"]
[EventCountry "COL"]
[SourceTitle "EXT 2024"]
[Source "ChessBase"]
[SourceDate "2023.10.10"]
[SourceVersion "1"]
[SourceVersionDate "2023.10.10"]
[SourceQuality "1"]

1. e4 e5 2. Nf3 Nc6 3. Bb5 a6 4. Ba4 Nf6 5. 0-0 Nxe4 6. Re1 Nc5 7. Nxe5 Nxe5 8. Rxe5+ Ne6 9. d4 Bd6 10. d5 Bxe5 11. dxe6 b5 12. exf7+ Kf8 13. Bb3 d5 14. Nc3 c6 15. Qh5 Bxc3 16. bxc3 h6 17. Ba3+ Qe7 18. Bxe7+ Kxe7 19. Re1+ 1-0